V kondici s jógou /
Uloženo v:
| Hlavní autor: | |
|---|---|
| Další autoři: | , , , , , , , |
| Médium: | Kniha |
| Jazyk: | Czech |
| Vydáno: |
[Praha] :
Vltava Labe Media a. s.,
2025
|
| Vydání: | 1. vydání |
| Edice: | Kondice (Vltava Labe Media)
|
| Témata: | |
| Celkem bylo vypůjčeno: | 0x |
| Tagy: |
Žádné tagy |
| LEADER | 01986cam a2200481 i 4500 | ||
|---|---|---|---|
| 001 | 106303 | ||
| 003 | CZ PrNK | ||
| 005 | 20260512115552.0 | ||
| 007 | ta | ||
| 008 | 260219s2025 xr a e f 000 0 cze d | ||
| 015 | |a cnb003748277 | ||
| 020 | |a 9788070263150 |q (vázáno) | ||
| 040 | |a HKA001 |b cze |e rda | ||
| 072 | 7 | |a 796 |x Sport. Hry. Tělesná cvičení |2 Konspekt |9 20 | |
| 080 | |a 796.012.62 |2 MRF | ||
| 080 | |a 233-852.5Y |2 MRF | ||
| 080 | |a (035) |2 MRF | ||
| 100 | 1 | |a Hrubešová, Kateřina, |d 1977- |7 hka20261288791 |4 aut |9 117333 | |
| 245 | 1 | 0 | |a V kondici s jógou / |c autorky Kateřina Hrubešová, Zuzana Rybářová, Veronika Vlachová, Apolena Tůmová, Lucie Šmoldasová, Eva Fraňková, Markéta Chýňavová, Lenka Lysoňková, Dominika Rýparová |
| 250 | |a 1. vydání | ||
| 264 | 1 | |a [Praha] : |b Vltava Labe Media a. s., |c 2025 | |
| 300 | |a 207 stran : |b barevné ilustrace ; |c 25 cm | ||
| 336 | |a text |b txt |2 rdacontent | ||
| 336 | |a statický obraz |b sti |2 rdacontent | ||
| 337 | |a bez média |b n |2 rdamedia | ||
| 338 | |a svazek |b nc |2 rdacarrier | ||
| 490 | 1 | |a Kondice : edice pro vaše zdraví | |
| 650 | 0 | 7 | |a hathajóga |7 ph114654 |2 czenas |
| 650 | 0 | 7 | |a ásany |7 ph451676 |2 czenas |9 2833 |
| 655 | 7 | |a příručky |7 fd133209 |2 czenas |9 155 | |
| 700 | 1 | |a Rybářová, Zuzana, |d 1979- |7 mzk2005304424 |4 aut |9 36247 | |
| 700 | 1 | |a Vlachová, Veronika |4 aut | |
| 700 | 1 | |a Tůmová, Apolena, |d 1981- |7 hka20261288911 |4 aut |9 117334 | |
| 700 | 1 | |a Šmoldasová, Lucie |7 hka20261288952 |4 aut |9 117335 | |
| 700 | 1 | |a Fraňková, Eva |4 aut | |
| 700 | 1 | |a Chýňavová, Markéta, |d 1971- |7 hka20261288908 |4 aut |9 117336 | |
| 700 | 1 | |a Lysoňková, Lenka |4 aut | |
| 700 | 1 | |a Rýparová, Dominika, |d 1985- |7 xx0310672 |4 aut |9 115940 | |
| 830 | 0 | |a Kondice (Vltava Labe Media) | |
| 910 | |a UOG502 | ||
| 942 | |2 ddc |c KN | ||
| 999 | |d 106303 | ||
| 993 | |0 0 |1 421180107028 |2 ddc |4 0 |6 796_799000000000000 |7 0 |9 99676 |b 0 |c 107028 |d 2026-05-12 |e 0 |f DOSP |g 796/799 |h 385.00 |i Koupě |l DOSP |r 2026-05-12 |t 5 |w 2026-05-12 |y KN |z NAUCNA |n | ||